00615nam a2200145Ia 4500008004100000050002400041100002100065245010800086260008600194300003300280521002300313942000700336999001900343952010700362140724s9999 xx 000 0 und d aHF 6146b.C574 2014 aCinco, Karina S. aI heart human nature :ba campaign on below the line advertising using social media /cKarina S. Cinco. aLas Piñas, Philippines :bSouthville International School and Colleges,cc2014. a92 p. :bcol. Ill. ;c28 cm. aMass Communication cTH c229136d229136 001040aCLbCLcTHESESd2014-07-24l0oHF 6146 .C574 2014pT0490r2018-05-15 00:00:00w2014-07-24yTH